[Event "Heusenstamm Sparkassen op-B 5th"]
[Site "Heusenstamm"]
[Date "2018.11.25"]
[Round "6"]
[White "Uphoff, Juergen"]
[Black "Richter, Tim"]
[Result "1/2-1/2"]
[WhiteElo "1581"]
[BlackElo "1118"]
[PlyCount "74"]
[EventDate "2018.11.22"]
[EventType "swiss"]
[EventRounds "7"]
[EventCountry "GER"]
[SourceTitle "CBM 187 Extra"]
[Source "ChessBase"]
[SourceDate "2018.11.04"]
[SourceVersion "1"]
[SourceVersionDate "2018.11.04"]
[SourceQuality "1"]

1. f4 Nf6 2. Nf3 g6 3. b3 Bg7 4. Bb2 c5 5. e3 Nc6 6. Be2 d6 7. Nc3 Bd7 8. 0-0 0-0 9. a3 Qc7 10. Qe1 Bg4 11. h3 Bxf3 12. Bxf3 Rac8 13. Rb1 Rfd8 14. Ba1 b6 15. Be2 Ne8 16. Qh4 d5 17. Bf3 e6 18. Ne2 Qe7 19. Qf2 Nd6 20. Ng3 Qd7 21. h4 Bxa1 22. Rxa1 h5 23. Be2 Ne7 24. d3 Kf8 25. Nh1 Nef5 26. g4 hxg4 27. Bxg4 Ke7 28. e4 dxe4 29. Bxf5 gxf5 30. h5 exd3 31. Qh4+ f6 32. cxd3 Rh8 33. Rfe1 Rh6 34. Ng3 Rch8 35. Re3 Kf7 36. Rae1 Rc8 37. Qh2 Nb5 1/2-1/2

[Event "Heusenstamm Sparkassen op-B 5th"]
[Site "Heusenstamm"]
[Date "2018.11.23"]
[Round "3"]
[White "Martin, Peter2222"]
[Black "Uphoff, Juergen"]
[Result "1/2-1/2"]
[WhiteElo "1319"]
[BlackElo "1581"]
[PlyCount "47"]
[EventDate "2018.11.22"]
[EventType "swiss"]
[EventRounds "7"]
[EventCountry "GER"]
[SourceTitle "CBM 187 Extra"]
[Source "ChessBase"]
[SourceDate "2018.11.04"]
[SourceVersion "1"]
[SourceVersionDate "2018.11.04"]
[SourceQuality "1"]

1. e4 c6 2. Nf3 d5 3. e5 h6 4. d4 Bf5 5. c4 dxc4 6. Bxc4 e6 7. 0-0 Ne7 8. Nc3 Nd7 9. Bf4 Nb6 10. Bb3 Ned5 11. Bg3 Be7 12. Qd2 0-0 13. Rfe1 Qc7 14. Ne4 Bb4 15. Nc3 Nxc3 16. bxc3 Ba5 17. Re2 Nd5 18. Rc1 Rfd8 19. Nh4 Bh7 20. Bc2 Nxc3 21. Bxh7+ Kxh7 22. Rxc3 Bxc3 23. Qd3+ Kg8 24. Qxc3 1/2-1/2